Disney mesék - Statistics

General Stats
  • This quiz has been taken 140 times
  • The average score is 43 of 143
Answer Stats
Válaszok % Correct
Hamupipőke
79%
Hamupipőke 2. – Az álmok valóra válnak
79%
Csipkerózsika
78%
Aladdin
70%
Hófehérke és a hét törpe
70%
A szépség és a szörnyeteg
69%
A szépség és a szörnyeteg 2. – Varázslatos karácsony
69%
A szépség és a szörnyeteg 3. – Belle bűvös világa
69%
A kis hableány
68%
Az oroszlánkirály 2. – Simba büszkesége
63%
Az oroszlánkirály 3. – Hakuna Matata
63%
Jégvarázs
63%
Jégvarázs 2.
63%
Mulan
63%
Mulan 2.
63%
Pocahontas
59%
Mickey egér – A három muskétás
56%
Mickey egér – Volt egyszer egy karácsony
56%
Mickey egér – Volt kétszer egy karácsony
56%
Mickey varázslatos karácsonya: Hórabság az Egértanyán
56%
101 kiskutya
55%
101 kiskutya 2. – Paca és Agyar
55%
Aranyhaj és a nagy gubanc
54%
Pocahontas 2. – Vár egy új világ
53%
Verdák
49%
Verdák 2.
49%
Verdák 3.
49%
A dzsungel könyve
47%
Herkules
47%
Micimackó
46%
Tarzan
46%
Tarzan 2.
46%
Tarzan és Jane
46%
Vaiana
44%
Dumbo
43%
Malacka, a hős
43%
Micimackó: Az ajándékok ideje
43%
Micimackó: Boldog új mackóévet
43%
Micimackó és a Zelefánt
43%
Micimackó: Tavaszolás Zsebibabával
43%
Micimackó visszatér
43%
Pán Péter
43%
Pán Péter – Visszatérés Sohaországba
43%
Pinokkió
43%
Némó nyomában
42%
Bambi
41%
Bambi 2. – Bambi és az erdő hercege
41%
Merida, a bátor
41%
A hercegnő és a béka
39%
Toy Story 3.
38%
Toy Story 4.
38%
Toy Story – Játékháború
38%
Toy Story – Játékháború 2.
38%
Aladdin 2. – Aladdin és Jafar
37%
Aladdin 3. – Aladdin és a tolvajok fejedelme
37%
Mackótestvér
37%
Mackótestvér 2.
37%
L’ecsó
34%
Macskarisztokraták
34%
Stitch! – A csillagkutya legújabb kalandjai
33%
Fel
32%
Agymanók
31%
A Notre Dame-i toronyőr
31%
Alice Csodaországban
30%
Coco
30%
Csingiling
30%
Csingiling – A szárnyak titka
30%
Csingiling és a kalóztündér
30%
Csingiling és a nagy tündérmentés
30%
Csingiling és a Soharém legendája
30%
Csingiling és az elveszett kincs
30%
Pinokkió és a sötétség fejedelme
30%
Ralph lezúzza a netet
30%
Szörny Rt
30%
Lilo és Stitch 2. – Csillagkutyabaj
28%
Lilo és Stitch – A csillagkutya
28%
Zootropolis – Állati nagy balhé
27%
A kis hableány 2. – A tenger visszavár
25%
A kis hableány 3. – A kezdet kezdete
25%
Hős6os
25%
Robin Hood
25%
Susi és Tekergő
25%
Atlantisz 2. – Milo visszatér
24%
A Hihetetlen család
23%
A Hihetetlen család 2.
23%
A kincses bolygó
23%
Eszeveszett birodalom
23%
Eszeveszett birodalom 2. – Kronk, a király
23%
Rontó Ralph
23%
Volt
23%
Fantázia
22%
Szenilla nyomában
22%
Dínó
21%
A Notre Dame-i toronyőr 2. – A harang rejtélye
20%
Egy bogár élete
19%
Repcsik
19%
A kőbe szúrt kard
17%
A róka és a kutya
17%
Csodacsibe
17%
Kacsamesék: Az elveszett lámpa kincse
17%
A mentőcsapat
15%
Szörny Egyetem
15%
A legelő hősei
13%
Olivér és társai
13%
A fekete üst
12%
A Robinson család titka
12%
A róka és a kutya 2.
12%
Goofy
12%
Az oroszlánkirály
11%
Dínó tesó
10%
Timon és Pumba a Föld körül
9%
Timon és Pumba nagy lakomája
9%
Timon és Pumba nyaralni megy
9%
Basil, a híres egérdetektív
8%
Karácsonyi lidércnyomás
8%
Mentőcsapat a kenguruk földjén
8%
Nincs több suli
4%
Stréber
4%
Tigris színre lép
4%
Vadkaland
4%
A dzsungel könyve 2.
3%
A kék szörny
3%
Anyát a Marsra
3%
Fantázia 2000
3%
Karácsonyi ének
3%
Susi és Tekergő 2. – Csibész, a csavargó
3%
Vad galamb
3%
Csipet csapat – Cseberből vederbe
2%
Csipet csapat – Nagy fába kis fejszét
2%
Frankenweenie – Ebcsont beforr
1%
James és az óriásbarack
1%
A bátor kis kenyérpirító
0%
Atlantisz – Az elveszett birodalom
0%
Boldogan éltek, míg meg nem haltak
0%
Disney hercegnők varázslatos meséi
0%
Hamupipőke 3. – Elvarázsolt múlt
0%
Hüvelyk Matyi és Hüvelyk Panna kalandjai
0%
Jázmin meséi: Bűbáj és varázslat
0%
Különös varázs
0%
My Scene – Hollywoodi álom
0%
Repcsik: A mentőalakulat
0%
WALL·E
0%
No matching quizzes found
Score Distribution
Percent of People with Each Score
Percentile by Number Answered
Your Score History
You have not taken this quiz